| 000 | 02021nam a22003017a 4500 | ||
|---|---|---|---|
| 001 | 6540 | ||
| 003 | FISKH | ||
| 005 | 20250508150152.0 | ||
| 008 | 250508b cb ||||| |||| 00| 0 eng d | ||
| 020 | _a9781402217821 | ||
| 040 |
_aFISKH _beng _cFISKH _dFISKH |
||
| 050 | _a PZ7 | ||
| 082 | _a823.914 | ||
| 100 |
_aSimon, Francesca _d(1955-) |
||
| 245 |
_aHorrid Henry's Christmas / _cFrancesca Simon ; Illustrated by Tony Ross |
||
| 250 | _aThis edition first published in 2006 | ||
| 260 |
_aNew York : _bJabberwocky, _c2006 |
||
| 300 |
_a85 pages : _billustrations ; _c20 cm |
||
| 505 | _aN | ||
| 520 | _aJuvenile Fiction. Humor (Fiction.) HTML:Discover this funny book series for kids that boys and girls around the world love to read! Horrid Henry's Christmas is the perfect Christmas chapter book for kids! Horrid Henry sabotages the Christmas play; tries to do all his Christmas shopping without spending any of his allowance; attempts to ambush Santa Claus (to get more presents, of course); and has to endure the worst Christmas dinner ever! Francesca Simon is one of the world's best-loved children's authors. She is the only American to have ever won the Galaxy Book Award, and her creation, Horrid Henry, is the #1 bestselling chapter book series in the UK�with a hit TV show and over fifteen million copies sold! Each book contains four easy-to-read stories and hilarious illustrations by the one and only Tony Ross, so even the most reluctant of readers won't be able to resist Henry's amazing talent for trouble! Why Readers Love Horrid Henry's Christmas: A fun Christmas story for children and novelty stocking stuffer for preteen boys Screen-free fun for reluctant readers Hilarious middle grade series that will keep you coming back, book after book! | ||
| 521 | 8 |
_a590
_bLexile |
|
| 521 | 8 |
_aN
_bRaz-Plus |
|
| 650 |
_2Horrid Henry _aAntiheroes |
||
| 650 |
_2Children fiction _aOpen Library |
||
| 700 |
_aRoss, Tony _dillustrator |
||
| 942 |
_2ddc _cBK _n0 |
||
| 999 |
_c6540 _d6540 |
||